LEADER 01889nam a2200397 u 4500 001 000000042555 003 CaOOAMICUS 005 20070226114335.0 008 990304m19989999it af u000 u ita u 020 $a8831192442 020 $a8831192477 020 $a8831192515 035 $a10816127 040 $aDAI$bita$dMSA 041 1 $aita$hmul 245 00$aDizionario enciclopedico del medioevo /$cdirezione di André Vauchez con la collaborazione di Catherine Vincent ; edizione italiana a cura di Claudio Leonardi. 260 $aRoma :$bCittà Nuova,$c1998-1999. 300 $a3 v. :$bIll. (teilw. farbig) ;$c28 cm 504 $aLiteraturangaben. 505 1 $a1. A-E. -- 2. F-O. -- 3. P-Z. 700 1 $aVauchez, André,$d1938-$0(OLS)http://pul/name/625 700 1 $aLeonardi, Claudio,$d1926-2010.$0(OLS)http://pul/name/1040 700 1 $aVincent, Catherine.$0(OLS)http://pul/name/31240 850 $aPUL 852 $aPUL$W1$xSL Cons. Gen., Altre Classi 1$y1$m1396 E 1-3$j57484$nBK-PRI$b $qStampati$B57484$CPULBib$Z2$F57484 $H $81 852 $aPUL$W1$xSL Cons. Gen., Altre Classi 1$y1$m1396 E 1-3$j57484$nBK-PRI$b $qStampati$B57485$CPULBib$Z2$F57485 $H $81 852 $aPUL$W1$xSL Cons. Gen., Altre Classi 1$y1$m1396 E 1-3$j57484$nBK-PRI$b $qStampati$B57486$CPULBib$Z2$F57486 $H $81 941 1 $a8 961 $aINV: 88392, 88393, 88394 961 $aINV: 88392, 88393, 88394 961 $aINV: 88392, 88393, 88394 996 $6020$a8831192442$9(OLS)http://pul/number/53057 996 $6020$a8831192477$9(OLS)http://pul/number/53058 996 $6020$a8831192515$9(OLS)http://pul/number/53059 996 $6245$aDizionario enciclopedico del medioevo$9(OLS)http://pul/title/57422 996 $6260$aRoma :$bCittà Nuova$9(OLS)http://pul/publisher/47927 LEADER 01401nam a2200265 a 4500 001 000000164553 003 CaOOAMICUS 005 20171123172822.0 008 171123s1978 sp 001 0 spa r 032 $aLibriCat 040 $aPUL$bita 100 1 $aFornet-Betancourt, Raúl.$0(OLS)http://pul/name/105808 245 10$aDe la ontología fenomenológica-existencial a la concepción marxista de la historia :$buna investigación sobre la filosofía de Jean-Paul Sartre / $cR. Fornet Betancourt. 260 $aSalamanca :$b[s.n.],$c1985. 300 $a84 p. ;$c24 cm. 502 $aEstratto di Tesi.--Universidad Pontificia de Salamanca. Facultad de Ciencias Politicas y Sociologia. 1978. 504 $aBibliografia in nota. 600 14$aSartre, Jean-Paul,$d1905-1980.$0(OLS)http://pul/subject/3169 710 2 $aUniversidad pontificia de Salamanca.$bFacultad de Ciencias de la Educacion$kTesi.$0(OLS)http://pul/name/84884 850 $aPUL 852 $aPUL$W1$xDP1 Tesi Univ. Salamanca$y45$mTH UPSA 132$j188688$qTesi$B191857$CPULBib$Z2$F191857 $H45857 $82 941 1 $a16 996 $6245$aDe la ontología fenomenológica-existencial a la concepción marxista de la historia :$buna investigación sobre la filosofía de Jean-Paul Sartre / $9(OLS)http://pul/title/204224 996 $6260$aSalamanca :$b[s.n.]$9(OLS)http://pul/publisher/53020